Local Anaesthesia (Record no. 11030)
[ view plain ]
| 000 -LEADER | |
|---|---|
| fixed length control field | 00353nam a22001457a 4500 |
| 082 ## - DEWEY DECIMAL CLASSIFICATION NUMBER | |
| Classification number | 617.69 |
| Author Mark | HOW |
| 100 ## - MAIN ENTRY--PERSONAL NAME | |
| Author Name | Howe,s Geoffrey |
| 245 ## - TITLE STATEMENT | |
| Title | Local Anaesthesia |
| 250 ## - EDITION STATEMENT | |
| Edition statement | 7th |
| 260 ## - PUBLICATION, DISTRIBUTION, ETC. | |
| Place of publication, distribution, etc. | India |
| Name of publisher, distributor, etc. | Arya |
| Date of publication, distribution, etc. | 2014 |
| 300 ## - PHYSICAL DESCRIPTION | |
| No of Pages | 98 |
| illustrations | ill |
| Dimensions | 20cm |
| 440 ## - SERIES STATEMENT/ADDED ENTRY--TITLE | |
| Title | Local Anaesthesia |
| 650 ## - SUBJECT ADDED ENTRY--TOPICAL TERM | |
| Subject | Dentistry, Surgery |
| Keywords | Pain,Equipment |
| 942 ## - ADDED ENTRY ELEMENTS (KOHA) | |
| Source of classification or shelving scheme | |
| Koha item type | Books |
| 952 ## - LOCATION AND ITEM INFORMATION (KOHA) | |
| -- | 2019-06-18 |
| 952 ## - LOCATION AND ITEM INFORMATION (KOHA) | |
| -- | 2019-06-18 |
| 952 ## - LOCATION AND ITEM INFORMATION (KOHA) | |
| -- | 2019-06-18 |
| 952 ## - LOCATION AND ITEM INFORMATION (KOHA) | |
| -- | 2019-06-18 |
| 952 ## - LOCATION AND ITEM INFORMATION (KOHA) | |
| -- | 2019-06-18 |
| Item status | Home library | Current library | Shelving location | Date acquired | Total Checkouts | Total Renewals | Full call number | Barcode | Date last seen | Date last checked out | Koha item type | Checked out |
|---|---|---|---|---|---|---|---|---|---|---|---|---|
| Islamabad Dental Hospital | Islamabad Dental Hospital | Islamabad Dental Hospital | 18/06/2019 | 4 | 1 | 617.69 HOW | D-671 | 07/04/2023 | 03/03/2023 | Books | ||
| Islamabad Dental Hospital | Islamabad Dental Hospital | Islamabad Dental Hospital | 18/06/2019 | 3 | 617.69 HOW | D-672 | 20/01/2025 | 03/03/2023 | Books | |||
| Islamabad Dental Hospital | Islamabad Dental Hospital | Islamabad Dental Hospital | 18/06/2019 | 6 | 3 | 617.69 HOW | D-673 | 03/01/2025 | 07/12/2023 | Books | ||
| Islamabad Dental Hospital | Islamabad Dental Hospital | Islamabad Dental Hospital | 18/06/2019 | 9 | 8 | 617.69 HOW | D-674 | 27/09/2022 | 27/09/2022 | Books | 25/10/2022 | |
| Islamabad Dental Hospital | Islamabad Dental Hospital | Islamabad Dental Hospital | 18/06/2019 | 4 | 3 | 617.69 HOW | D-675 | 01/01/2024 | 07/12/2023 | Books |
